El retiro de confianza frente a la protección laboral de la trabajadora gestante (Registro nro. 22647)

000 -Cabecera
Campo de control interno 02761nam a2200349 4500
001 - Número de control
control field ESSALUD
005 - Fecha y hora de la última transacción
Campo de control 20260703163126.0
007 - Tipo material - Descripcion fisica - info general
Tipo material - Descripcion fisica - info general ta
008 - Elementos de Longitud Fija - Información General
Elementos de Longitud Fija - Información t pe ||||| |||| 00| 0 spa d
040 ## - Origen de la Catalogación
Origen de la Catalogación BMG
041 ## - Idioma
Idioma spa
100 ## - Autor
Autor Lara Arnao, Ruth
Rol del Autor Autor
9 (RLIN) 53314
245 ## - Titulo
Titulo El retiro de confianza frente a la protección laboral de la trabajadora gestante
246 ## - Variante del Titulo
Titulo Withdrawal of trust in relation to the labor protection of pregnant workers
300 ## - Páginas
Paginación páginas 127-144
520 ## - Resumen
Resumen En el presente trabajo la autora analiza la relación entre el retiro de confianza<br/>y la protección reforzada de la trabajadora gestante a partir de la sentencia del<br/>Tribunal Constitucional recaída en el Expediente Nº 00297-2020-PA/TC. El estudio examina<br/>los límites del retiro de confianza cuando su aplicación puede encubrir actos de<br/>discriminación por razón de embarazo. Asimismo, se revisa el marco normativo y jurisprudencial<br/>relativo al despido nulo por gestación y la carga probatoria del empleador<br/>para acreditar una causa objetiva distinta al estado de gravidez. Se concluye que la protección<br/>constitucional de la maternidad prevalece incluso frente a cargos de confianza<br/>cuando el cese carece de justificación objetiva.<br/>
520 ## - Resumen
Resumen In this paper, the author analyzes the relationship between the withdrawal of trust and<br/>the reinforced protection afforded to pregnant workers, based on the judgment issued by the<br/>Constitutional Court in Case No. 00297-2020-PA/TC. The study examines the limits of the withdrawal<br/>of trust when its application may canceal acts of discrimination on the grounds of pregnancy. lt also<br/>reviews the regulatory and jurisprudential framework concerning null dismissal due to pregnancy and<br/>the employer's burden of proof to demonstrate an objective cause unrelated to the worker's condition<br/>of pregnancy. lt is cancluded that the constitutional protection of maternity prevails even in positions<br/>of trust when the termination locks objective justification.<br/>
650 ## - Temas - Descriptores
Temas - Descriptores DESPIDO NULO
9 (RLIN) 53149
650 ## - Temas - Descriptores
Temas - Descriptores RETIRO DE CONFIANZA
9 (RLIN) 53315
650 ## - Temas - Descriptores
Temas - Descriptores NO DISCRIMINACIÓN LABORAL
9 (RLIN) 53316
650 ## - Temas - Descriptores
Temas - Descriptores PROTECCIÓN DE LA MATERNIDAD
9 (RLIN) 53317
650 ## - Temas - Descriptores
Temas - Descriptores JURISPRUDENCIA CONSTITUCIONAL
9 (RLIN) 53318
650 ## - Temas - Descriptores
Temas - Descriptores TRABAJADORA GESTANTE
9 (RLIN) 53319
650 ## - Temas - Descriptores
Temas - Descriptores NULL DISMISSOL
9 (RLIN) 53320
650 ## - Temas - Descriptores
Temas - Descriptores PREGNONT WORKER
9 (RLIN) 53321
650 ## - Temas - Descriptores
Temas - Descriptores WITHDROWOL OF TRUST
9 (RLIN) 53322
650 ## - Temas - Descriptores
Temas - Descriptores NON-DISCRIMINOTION IN EMPLOYMENT
9 (RLIN) 53323
650 ## - Temas - Descriptores
Temas - Descriptores MATERNITY PROTECTION
9 (RLIN) 53324
650 ## - Temas - Descriptores
Temas - Descriptores CONSTITUTIONOL JURISPRUDENCE
9 (RLIN) 53325
773 0# - Revista (Relacion con el numero)
Host Biblionumber 22614
Host Itemnumber 22626
Ciudad, Editorial Lima Grupo Praxis Formación Profesional, 2026-
Codigo barras item/ejemplar PRALAB002
Titulo de la Revista Praxis Laboral & Procesal Laboral
Número de control de registro ESSALUD
ISSN 3119-768X
942 ## - Elementos de Koha
Tipo de Documento Artículos
Fecha procesamiento 2026-07-02
Catalogador SQB

No hay ítems disponibles.